ARRUPE JESUIT UNIVERSITY

CORONAVIRUS -STOP THE SPREAD - CLEAN,DISINFECT,COVER

Jonathan Edwards (Record no. 121211)

MARC details
000 -LEADER
fixed length control field 00425nam a22001457a 4500
008 - FIXED-LENGTH DATA ELEMENTS--GENERAL INFORMATION
fixed length control field 141107b xxu||||| |||| 00| 0 eng d
020 ## - INTERNATIONAL STANDARD BOOK NUMBER
International Standard Book Number 809002124
050 ## - LIBRARY OF CONGRESS CALL NUMBER
Classification number BX7260.E3L4 1969
100 ## - MAIN ENTRY--PERSONAL NAME
Personal name Levin David ed.
9 (RLIN) 12527
245 ## - TITLE STATEMENT
Title Jonathan Edwards
Remainder of title a profile
Statement of responsibility, etc David, Levin ed.
260 ## - PUBLICATION, DISTRIBUTION, ETC. (IMPRINT)
Place of publication, distribution, etc New York
Name of publisher, distributor, etc Hill and Wang
Date of publication, distribution, etc 1969
300 ## - PHYSICAL DESCRIPTION
Extent xxi, 263p. ;
Dimensions 20cm.
650 ## - SUBJECT ADDED ENTRY--TOPICAL TERM
Topical term or geographic name as entry element Edwards
General subdivision Jonathan
9 (RLIN) 12528
942 ## - ADDED ENTRY ELEMENTS (KOHA)
Source of classification or shelving scheme Library of Congress Classification
Item type Monograph ( Printed materials)
Holdings
Withdrawn status Lost status Source of classification or shelving scheme Damaged status Not for loan Home library Current library Date acquired Total Checkouts Full call number Date last seen Price effective from Koha item type
    Library of Congress Classification     ARRUPE LIBRARY ARRUPE LIBRARY 07/11/2014   BX7260.E3L4 1969 07/11/2014 07/11/2014 Monograph ( Printed materials)

 

Arrupe Library. PO Box MP320 Mt Pleasant, Harare, Zimbabwe
263 242 745411|librarian@aju.ac.zw